000 00656nam a2200205Ia 4500
003 GCL
008 140319s9999 xx 000 0 ara d
040 _aGCL /
_cGCL
082 0 4 _a418.1
_bم ك
100 1 _aمحمد شوقى امين (تعليق)
245 1 0 _aكتاب الالفاظ والاساليب /
_cمحمد شوقى امين (تعليق)
260 _a[S.N] :
_bالهيئة العامة لشئون المطابع الاميرية ،
_c1985
300 _a322
490 _a
650 0 4 _aاللغة العربية
650 0 4 _aالفاظ
650 0 4 _aالنطق
650 0 4 _aالمترادفات والاضداد
942 _2ddc
_cBK
999 _c32070
_d32070